The first booke of the Historie of the discouerie and conquest of the East Indias : enterprised by the Portingales, in their daungerous nauigations, in the time of King Don Iohn, the second of that name. Which historie conteineth much varietie of matter, very profitable for all nauigators, and not vnpleasaunt to the readers. Set foorth in the Portingale language /

Bibliographic Details
Main Author: Castanheda, Fernão Lopes de, -1559
Format: Book
Language:English
Portuguese
Published: [Amsterdam] : [New York] : [Theatrum Orbis Terrarum]; [Da Capo Press], [1973]
Series:British experience, its record in early printed books published in facsimile ; no. 539.
Subjects:

MARC

Tag First Indicator Second Indicator Subfields
LEADER 00000cam a2200000 4500
001 in00000282996
005 20151010090938.0
008 730813r19731582ne 00000 eng d
010 |a  72006014  
020 |a 9022105393 
035 |a (OCoLC)00700288 
035 |9 ABG5005AM 
040 |a DLC  |c DLC  |d TXA  |d UtOrBLW 
041 1 |a eng  |a por 
043 |a e-po---  |a a-ii--- 
049 |a TXAM  |c [1130660] 
050 0 0 |a DS411.7  |b .L6413 1582a 
082 0 |a 915.4/04/2 
100 1 |a Castanheda, Fernão Lopes de,  |d -1559. 
245 1 4 |a The first booke of the Historie of the discouerie and conquest of the East Indias :  |b enterprised by the Portingales, in their daungerous nauigations, in the time of King Don Iohn, the second of that name. Which historie conteineth much varietie of matter, very profitable for all nauigators, and not vnpleasaunt to the readers. Set foorth in the Portingale language /  |c by Hernan Lopes de Castaneda. And now translated into English, by N. L., gentleman. London, Imprinted by T. East, 1582. 
264 1 |a [Amsterdam] :  |b [Theatrum Orbis Terrarum];  |a [New York] :  |b [Da Capo Press],  |c [1973] 
300 |a 164 pages 
336 |a text  |b txt  |2 rdacontent 
337 |a unmediated  |b n  |2 rdamedia 
338 |a volume  |b nc  |2 rdacarrier 
490 1 |a English experience, its record in early printed books published in facsimile ;  |v no. 539 
500 |a Cover title: The discoverie of the East Indias. 
500 |a "S.T.C. number 16806." 
650 0 |a Portuguese  |z India. 
651 0 |a India  |x Description and travel. 
651 0 |a India  |x History  |y 1526-1765. 
740 4 |a The discoverie of the East Indias. 
740 0 |a Historie of the discouerie and conquest of the East Indias. 
830 0 |a British experience, its record in early printed books published in facsimile ;  |v no. 539. 
999 |a MARS 
999 f f |s c4bf9598-041a-3a85-ad36-f28ff58f1109  |i 2de3fcba-7a7c-3e65-8bdc-869170d5b110  |t 0 
952 f f |p ric  |a Texas A&M University  |b Rellis Campus  |c Joint Library Facility  |d Remote Storage  |t 0  |e DS411.7 .L6413 1582a  |h Library of Congress classification  |i unmediated -- volume  |m A14802044099 
998 f f |a DS411.7 .L6413 1582a  |t 0  |l Remote Storage